000 01075aam a2200277 a 4500
999 _c328004
_d328004
003 BLK
005 20250625090548.0
008 180719b bul||||| |||| 00| 0 bul d
020 _a9789543652198
040 _aBLK
041 _aBUL
_cBUL
080 _aШотландска литература на англ. ез. (вж и 891.63)
_b821.111(411)
_z821.111(411)-31
_x-31
100 _aМаккол Смит, Алегзандър
_eпърви автор
_9285901
139 _aМаккол Смит, Алегзандър
_bМ 19
245 _aОчарователните странности на другите
_cАлегзандър Маккол Смит, прев.от англ. Боряна Джанабетска.
260 _bЕднорог
_c2018
_aСофия
300 _a288 с.
_c20 см
380 _aX
700 _aДжанабетска, Боряна Ангелова, 1957-
_9364686
942 _cKNG
_2udc
_n0
_027
_s1
999 _d328004
999 _d323547
999 _d323547
999 _d323547
944 _k30552
_lВиолета Тройчева